Bořivoj Dostál: Břeclav - Pohansko, časné slovanské osídlení

Bibliographic Details
Main Author: Čilinská, Zlata, 1932- (Author)
Format: Article
Language:Slovak
PhysicalDescription:Obr. 20.
Subjects:

MARC

LEADER 00000nab a2200000 a 4500
001 vtls000322518
003 SK-MaSNL
005 20260303172356.0
008 230223c1987 xo 0 slo
015 |a SNBRB19rr/mm-uuuuu 
035 |a CL0322640 
035 |a urn:nbn:sk:snk-aba6m2 
035 |a (urnnbn)urn:nbn:sk:snk:ar-a09icx 
035 |a (uuid)db6d5f60-1a1f-4398-b2a2-8adfd286c237 
040 |a SNKBUCL  |b slo  |c SNKBUCL  |e AACR2 
041 0 |a slo 
044 |a xo  |c SK 
080 |a 943.7.904:72(=81)  |2 1981 
080 |a 72(=81)  |2 1981 
080 |a 904  |2 1981 
080 |a 72(=81)(437)  |2 1981 
100 1 |a Čilinská, Zlata,  |d 1932-  |4 aut  |9 5276 
245 1 0 |a Bořivoj Dostál: Břeclav - Pohansko, časné slovanské osídlení  |c Zlata Čilinská 
300 |b Obr. 20. 
650 0 7 |a slovanské osídlenie  |2 snkbucl  |9 310233 
650 0 7 |a archeologické nálezy  |2 snkbucl  |9 4975 
651 7 |a Břeclav (Česko)  |2 snkbucl  |9 31129 
655 7 |a články z novín a časopisov  |2 snkbucl  |9 267496 
773 0 |t Slovenská archeológia  |g Roč. 35, č. 2 (1987), s. 463-466 
787 0 8 |i Rec.:  |a Dostál, Bořivoj  |t Břeclav - Pohansko, časné slovanské osídlení  |d Brno, 1985 
850 |a Slovenská národná knižnica v Martine  |a MTA001 
852 |a SNK  |b KIS3GCP 
954 |a odborná, vedecká literatúra pôvodná (slovenská)  |2 lita 
957 |a 3704 
958 |a RK 
958 |a CZ 
958 |a OND 
958 |a EUIPO 
958 |a article13 
992 |a RBX 
999 |c 2086188  |d 2088118